| 000 | 00775nam a2200217 a 4500 | ||
|---|---|---|---|
| 001 | 000036709 | ||
| 005 | 20200930075904.0 | ||
| 008 | 120125s1982 sp 000 0 spa d | ||
| 020 | _a8424908546 | ||
| 040 |
_aDO-SdBNP _bspa _cBNPHU |
||
| 082 |
_axxx _bP568v |
||
| 100 | 1 |
_aPhilostratus, Flavius, _d175?-249? _963007 |
|
| 245 | 1 | 0 |
_aVidas de los sofistas / _cFilóstrato ; introducción, traducción y notas de María Concepción Giner Soria. |
| 260 |
_aMadrid : _bEditorial Gredos, _c1982. |
||
| 300 |
_a262 p. ; _c19 cm. |
||
| 490 | 1 |
_aBiblioteca clásica Gredos _v55 |
|
| 500 | _aIncluye notas al pie de las páginas. | ||
| 500 | _aincluye índice de nombres. | ||
| 700 | 1 |
_aGiner Soria, María Concepción _etr. _963008 |
|
| 830 | 0 |
_aBiblioteca clásica Gredos; _v55 _98642 |
|
| 999 |
_c36200 _d36200 |
||